|
|
|
|
| LEADER |
00000cam a2200000 7i4500 |
| 001 |
0000004875 |
| 005 |
20021118093000.0 |
| 008 |
021118n |
| 090 |
0 |
0 |
|a HD31
|b .G4152
|
| 100 |
0 |
|
|a Gellerman, Saul W. ,
|e author
|
| 245 |
0 |
0 |
|a Manajer dan bawahan
|c Saul W. Gellerman
|f penterjemah, Ny. Rochmulyati Hamzah
|
| 260 |
2 |
|
|a Jakarta :
|b Pustaka Binaman Pressindo ,
|c 1983
|
| 300 |
|
|
|a 219 ms. ; ;
|c 24 sm.
|
| 501 |
|
|
|a Translation of: Managers and subordinates
|
| 650 |
|
0 |
|a Personnel management
|
| 998 |
0 |
0 |
|a HF5549
|b .G37315
|
| 999 |
|
|
|a 1000009157
|b Book
|c OPEN SHELF (30 DAYS)
|e Gong Badak Campus
|